|
|
|
|
| LEADER |
00000nab a2200000 a 4500 |
| 001 |
vtls000037755 |
| 003 |
SK-MaSNL |
| 005 |
20260303023315.0 |
| 008 |
160201c1979 xo 0 slo |
| 015 |
|
|
|a SNBRB19rr/mm-uuuuu
|
| 035 |
|
|
|a CL0047850
|
| 040 |
|
|
|a SNKBUCL
|b slo
|c SNKBUCL
|e AACR2
|
| 041 |
0 |
|
|a slo
|
| 044 |
|
|
|a xo
|c SK
|
| 080 |
|
|
|a 72
|2 1981
|
| 100 |
1 |
|
|a Šlapeta, Vladimír
|4 aut
|9 874233
|
| 245 |
1 |
0 |
|a Poučenie pre budúce monografie
|c Vladimír Šlapeta ; Mihály Kubinszky
|
| 300 |
|
|
|b Obr. 4.
|
| 600 |
1 |
7 |
|a Fuchs, Bohuslav,
|d 1895-1972
|2 snkbucl
|9 164520
|
| 655 |
|
7 |
|a články z novín a časopisov
|2 snkbucl
|9 267496
|
| 700 |
1 |
|
|a Kubinszky, Mihály,
|d 1927-
|4 aut
|9 669610
|
| 773 |
0 |
|
|t Projekt
|g Roč. 21, č. 3 (1979), s. 53
|
| 787 |
0 |
8 |
|i Rec.:
|a Kubinszky, Mihály
|t Bohuslav Fuchs
|d Budapest : Akadémiai Kiadó, 1977
|
| 850 |
|
|
|a Slovenská národná knižnica v Martine
|a MTA001
|
| 852 |
|
|
|a SNK
|b KIS3GCP
|
| 958 |
|
|
|a RK
|
| 958 |
|
|
|a CZ
|
| 992 |
|
|
|a RBX
|
| 999 |
|
|
|c 1633763
|d 1635693
|